มุมมองปกติ
มุมมองแบบ MARC
- ศูนย์ประสานงานสมาชิกสภาผู้แทนราษฎรจังหวัดชายแดนภาคใต้
รายการ Corporate Name
001 - CONTROL NUMBER
- control field: 54541
003 - CONTROL NUMBER IDENTIFIER
- control field: NALT
005 - DATE AND TIME OF LATEST TRANSACTION
- control field: 20210917143336.0
008 - FIXED-LENGTH DATA ELEMENTS
- fixed length control field: 210917|| aca||aabn | a|a d
040 ## - CATALOGING SOURCE
- Original cataloging agency: NALT
110 24 - HEADING--CORPORATE NAME
- Corporate name or jurisdiction name as entry element: ศูนย์ประสานงานสมาชิกสภาผู้แทนราษฎรจังหวัดชายแดนภาคใต้
- General subdivision: ผลงาน
- Chronological subdivision: 2563
